Wheel of Time General Knowledge - Statistics

General Stats
  • This quiz has been taken 374 times
  • The average score is 19 of 35
Answer Stats
Hint Answer % Correct
The Dragon Reborn Rand Al'Thor
100%
The Dragon Lews Therin
87%
Goldeneyes Perrin Aybara
76%
The Leader of the Forsaken Ishamael
72%
The Dark One Shai'tan
72%
Main Bulk of the Shadows Army Trolloc
71%
Last King of Malkier Al'Lan Mandragoran
70%
The Prince of Ravens Matrim Cauthon
70%
First Woman to Cure Stilling Nynaeve Al'Meara
69%
The Invaders from Beyond the Sea Seanchan
68%
Reborn as Moridin
62%
The Spider Moghedien
61%
The M'Hael Mazrim Taim
60%
United the Westlands into an Empire Artur Hawkwing
59%
First of Mayene Berelain
58%
The Sword that is not a Sword Callandor
58%
Reborn as Cyndane Lanfear
58%
Seat of the Aes Sedai Tar Valon
58%
City on Toman Head Falme
57%
Home of the Dark One Shayol Ghul
56%
Their Male Equivalent Asha'Man
53%
Known as Fades and the Eyeless Myrdraal
51%
City of Shadow Shadar Logoth
50%
Leader of the Younglings Gawyn Trakand
48%
His Title Nae'Blis
47%
Practically Invincible Creature Gholam
46%
Weakest of the Forsaken Asmodean
40%
Queen of Saldaea Tenobia
39%
The Last Battle Tarmon Gaidon
37%
Also Known As Ba'alzamon
36%
The Failed Car'a'Carn Couladin
36%
The Shadow's Forges Thakan'Dar
31%
Faile Zarine Bashere
29%
Palace of Ebou Dar Tarasin Palace
12%
Sometimes Known as the Second Dragon Guaire Amalasan
11%
No matching quizzes found
Score Distribution
Percent of People with Each Score
Percentile by Number Answered
Your Score History
You have not taken this quiz